000 01125cam a2200217 4500
001 WB3924-14
008 030624n2003 000 0 eng u
035 _a(Sirsi) u122713
245 _aReclaim the character of the countryside
260 _c2003
490 _aCPRE Press Release
_v(26/03) 23 June 2003 (3)
520 _aThe Council for the Protection of Rural England (CPRE) has launched a campaign to protect the character of the English countryside. CPRE have published a report, "Lie of the land", to coincide with this campaign, which analyses the importance and value of diversity in the English countryside and how it is becoming increasingly homogenised. The report explains how the character ca be surveyed and how this information can be used in management, planning and designing in the rural community. "Lie of the land" is available from CPRE Publications t +44 (0)20 7981 2856, priced £10.00.
590 _aWB
650 _aRURAL DIVERSIFICATION
650 _aRURAL CHARACTER
650 _aRURAL COMMUNITIES
650 _aENGLAND
650 _aCOUNTRYSIDE
690 _aRural
_96268
942 _n0
999 _c72905
_d72905